The evolution of physics: the growth of ideas from early concepts to relativity and quanta
Salvato in:
| Autori principali: | , |
|---|---|
| Natura: | Libro |
| Lingua: | inglese |
| Pubblicazione: |
Cambridge
University Press
1938
|
| Soggetti: | |
| Tags: |
Aggiungi Tag
Nessun Tag, puoi essere il primo ad aggiungerne!!
|
MARC
| LEADER | 00000nam a2200000 a 4500 | ||
|---|---|---|---|
| 001 | UCT1306 | ||
| 003 | CL-VaPUC | ||
| 008 | 960927e19380000uk |||||||||||||||||eng|d | ||
| 082 | 0 | 4 | |a 530.11 |b EIN |2 21 |
| 100 | |a Einstein, Albert |e autor |9 266229 | ||
| 700 | |a Infeld, Leopold |e author |9 535490 | ||
| 245 | 1 | 4 | |a The evolution of physics: the growth of ideas from early concepts to relativity and quanta |
| 300 | |a 302 p | ||
| 942 | |c BK | ||
| 945 | |d 19960927 00:00:00 |a cmena | ||
| 260 | |a Cambridge |b University Press |c 1938 | ||
| 650 | 0 | |a Física teórica |9 345827 | |
| 650 | 0 | |a Relatividad general (Física) |9 338525 | |
| 650 | 0 | |a Teoría de la relatividad |9 266149 | |
| 650 | 7 | |a FOTONES |2 CL-VaPUC |9 322929 | |
| 650 | 0 | |a partículas elementales |9 349874 | |
| 650 | 0 | |a Teoría cuántica |9 266148 | |
| 583 | |a last modification |c 20171220 06:33:47 |k Rodrigo Vera | ||
| 999 | |c 251867 |d 251865 | ||